[Event "O2C Doeberl Cup 2019"]
[Site "Canberra"]
[Date "2019.04.20"]
[Round "6.5"]
[White "Kunte, Abhijit"]
[Black "Lane, Gary W"]
[Result "1/2-1/2"]
[WhiteElo "2485"]
[BlackElo "2357"]
[Annotator "TA"]
[PlyCount "31"]
[EventDate "2019.04.17"]
[EventType "swiss"]
[EventCountry "AUS"]
[SourceTitle "playchess.com"]
[Source "ChessBase"]
[SourceQuality "1"]

{[%evp 10,31,34,18,37,22,38,27,44,25,29,25,44,38,78,78,82,75,76,62,93,63,66,0]} 1. Nf3 ({Predecessor:} 1. d4 e6 2. Nf3 f5 3. Bf4 Nf6 4. h3 g6 5. e3 Bg7 6. Be2 O-O 7. O-O d6 8. c4 Qe7 9. Nc3 Nc6 {1-0 (50) Leenhouts,K (2488)-De Boer,E (2168) Hilversum 2016}) 1... f5 2. c4 Nf6 3. Nc3 g6 4. d4 Bg7 5. Bf4 d6 6. e3 Nc6 $146 {A85: Dutch Defence: 2 c4 Nf6 3 Nc3} (6... c6 7. h3 O-O 8. Bh2 h6 9. Be2 Be6 10. O-O Nbd7 11. Qc2 Bf7 12. Rad1 Re8 13. Rfe1 Qb6 14. b3 a5 15. Bf1 Rad8 {1-0 (35) Le,Q (2737)-Ivanchuk,V (2726) Huaian 2017}) 7. h3 e6 8. Be2 Qe7 {White has an edge.} 9. Bh2 O-O 10. O-O e5 11. Nd5 Nxd5 12. cxd5 Nd8 13. dxe5 dxe5 14. Rc1 b6 15. Qb3 {[#] Threatens to win with d6+.} Nf7 16. Qc2 ({Better is} 16. Bg3 $14) 1/2-1/2

[Event "O2C Doeberl Cup 2019"]
[Site "Canberra"]
[Date "2019.04.20"]
[Round "6.6"]
[White "Clarke, Matthew"]
[Black "Ikeda, Junta"]
[Result "0-1"]
[WhiteElo "2113"]
[BlackElo "2441"]
[Annotator "TA"]
[PlyCount "40"]
[EventDate "2019.04.17"]
[EventType "swiss"]
[EventCountry "AUS"]
[SourceTitle "playchess.com"]
[Source "ChessBase"]
[SourceQuality "1"]

{[%evp 17,88,-8,10,0,34,0,0,-39,-32,-33,-22,-59,-50,-59,-41,-112,-75,-172,-180,-183,-166,-178,-80,-82,-74,-79,-46,-98,-106,-123,-120,-123,-123,-124,-115,-126,-116,-128,-121,-127,-123,-137,-119,-109,-91,-117,-117,-116,-115,-111,-96,-110,-110,-123,-75,-79,-74,-118,-122,-122,-109,-251,-249,-246,-243,-279,-279,-769,-745,-29991,-29992,-29992,-29993]} 1. d4 Nf6 2. c4 b6 3. Nc3 Bb7 4. Nf3 e6 5. e3 Bb4 6. Bd2 O-O 7. Bd3 d5 8. cxd5 exd5 9. O-O a6 10. Rc1 {E52: Nimzo-Indian: Rubinstein: 4...0-0 5 Nf3 d5 6 Bd3 b6} Re8 (10... Nbd7 11. Ne5 Nxe5 12. dxe5 Nd7 13. f4 Nc5 14. Bb1 d4 15. Ne2 Qd5 16. Rf2 Bxd2 17. Qxd2 {1-0 (40) Yu,Y (2764)-Vaibhav,S (2590) Caleta 2019}) 11. Ne2 Bd6 12. Ng3 {The position is equal.} Nbd7 13. Qc2 g6 14. Qb1 $146 ({Predecessor:} 14. Bc3 Qe7 15. b3 h5 16. Ne5 {1-0 (26) Klekowski,M (2498)-Goessler,M (2209) Katowice 2017}) 14... Ne4 15. Rfd1 h5 16. Ne1 (16. Ne2 $15) 16... Ndf6 {...Ng4 is the strong threat.} 17. Bxe4 (17. Nf3 $17) 17... dxe4 $19 ({Don't play} 17... Nxe4 18. Nxe4 dxe4 19. Nc2 $17) 18. Nf1 Bd5 19. Nc2 Bc4 (19... Qe7 $19 {has better winning chances.} 20. h3 a5) 20. Bb4 $17 Qd7 {Played: Bc4-d3} 0-1

[Event "O2C Doeberl Cup 2019"]
[Site "Canberra"]
[Date "2019.04.20"]
[Round "6.7"]
[White "McClymont, Brodie"]
[Black "Lo, Willis"]
[Result "1-0"]
[WhiteElo "2360"]
[BlackElo "2072"]
[Annotator "NA"]
[PlyCount "99"]
[EventDate "2019.04.17"]
[EventType "swiss"]
[EventCountry "AUS"]
[SourceTitle "playchess.com"]
[Source "ChessBase"]
[SourceQuality "1"]
[TimeControl "5400+30"]

1. e4 {[%emt 0:00:00]} e5 {[%emt 0:00:00]} 2. Nf3 {[%emt 0:00:00]} Nc6 {[%emt 0:00:00]} 3. Bb5 {[%emt 0:00:00]} a6 {[%emt 0:00:11]} 4. Ba4 {[%emt 0:00:00]} Nf6 {[%emt 0:00:11]} 5. O-O {[%emt 0:00:00]} Be7 {[%emt 0:00:11]} 6. Re1 {[%emt 0:00:00]} b5 {[%emt 0:00:10]} 7. Bb3 {[%emt 0:00:04]} d6 {[%emt 0:00:15]} 8. c3 {[%emt 0:00:04]} O-O {[%emt 0:00:13]} 9. h3 {[%emt 0:00:03]} Nb8 {[%emt 0:00:14]} 10. d3 {[%emt 0:00:05]} Bb7 {[%emt 0:05:39] C94: Closed Ruy Lopez: Breyer Variation with 10 d3} (10... Nbd7 11. Nbd2 Bb7 12. Nf1 Nc5 13. Bc2 Re8 14. Ng3 Bf8 15. b4 Ncd7 16. a4 h6 17. d4 d5 18. dxe5 Nxe4 19. axb5 axb5 20. Rxa8 Bxa8 21. Bf4 c5 22. bxc5 Bxc5 23. Be3 Nxc3 {½-½ (41) Vidit,S (2707)-Yu,Y (2760) Liaocheng 2018}) 11. Nbd2 {[%emt 0:00:40]} c5 {[%emt 0:03:14]} 12. a3 {[%emt 0:04:28]} Nbd7 {[%emt 0:05:20]} 13. Ba2 $146 {[%emt 0:01:21]} ({Predecessor:} 13. Bc2 Qc7 14. d4 cxd4 15. cxd4 Rac8 16. Bb1 exd4 17. Nxd4 d5 18. exd5 Nxd5 19. Ne4 N7f6 20. Nf5 {1-0 (81) Ross,C (2203)-Hope,G (1938) England 2009}) 13... Qc7 {[%emt 0:08:19]} 14. Nf1 {[%emt 0:01:03]} d5 {[%emt 0:06:10]} 15. exd5 {[%emt 0:02:03]} Nxd5 {[%emt 0:01:51]} 16. d4 {[%emt 0:04:01]} e4 {[%emt 0:03:45]} 17. N3d2 {[%emt 0:04:00]} f5 {[%emt 0:03:27]} (17... c4 $11) 18. dxc5 $1 {[%emt 0:02:21]} Kh8 {[%emt 0:04:51]} ({Reject} 18... Bxc5 $6 {[#]} 19. Nxe4 $1 {[%mdl 512]} fxe4 20. Bxd5+ Kh8 21. Be3 $16) ({Don't play} 18... Qxc5 $6 19. Nb3 $16) 19. Nxe4 $1 {[%emt 0:03:51]} fxe4 {[%emt 0:01:11]} 20. Bxd5 {[%emt 0:00:03]} Nxc5 {[%emt 0:00:47]} 21. Bxb7 {[%emt 0:00:13]} Qxb7 {[%emt 0:00:27]} 22. Be3 {[%emt 0:02:43]} Nd3 {[%emt 0:05:59]} 23. Re2 {[%emt 0:00:19]} Rad8 {[%emt 0:05:28]} 24. Qc2 {[%emt 0:00:42]} Bd6 {[%emt 0:11:08]} (24... Rd6 $11) 25. Rd1 {[%emt 0:04:33]} Bb8 {[%emt 0:02:04]} 26. Bd4 {[%emt 0:04:30]} Qf7 {[%emt 0:08:27]} 27. Ng3 {[%emt 0:09:29]} Bxg3 {[%emt 0:11:40]} 28. fxg3 {[%emt 0:00:20]} Qg6 {[%emt 0:02:35]} 29. Kh2 $16 {[%emt 0:00:22]} Rd5 {[%emt 0:02:01]} 30. Qd2 {[%emt 0:01:33]} h5 $2 {[%emt 0:03:19]} (30... Re8 $16) 31. Qe3 {[%emt 0:01:04]} h4 {[%emt 0:00:13]} 32. gxh4 {[%emt 0:00:40]} Nf4 {[%emt 0:01:55]} 33. Qxe4 {[%emt 0:03:53]} Qd6 {[%emt 0:02:16]} 34. Be5 {[%emt 0:01:48]} Rxd1 {[%emt 0:00:22]} 35. Bxd6 {[%emt 0:01:55]} Nxe2 36. Bxf8 {[%emt 0:03:19]} Rh1+ {[%emt 0:01:05]} 37. Kxh1 {[%emt 0:00:04]} Ng3+ {[%emt 0:00:21]} 38. Kg1 {[%emt 0:00:00]} Nxe4 {[%emt 0:00:53]} 39. Bb4 {[%emt 0:00:47]} Nd2 {[%emt 0:00:00]} 40. Kf2 {[%emt 0:00:00]} Nc4 {[%emt 0:00:00]} 41. b3 {[%emt 0:00:00]} Nd2 {[%emt 0:00:06]} 42. Ke2 {[%emt 0:00:00]} Nxb3 {[%emt 0:00:07]} 43. Kd1 {[%emt 0:00:00]} a5 {[%emt 0:00:21]} 44. Kc2 {[%emt 0:00:00]} a4 {[%emt 0:00:23]} 45. Kd3 {[%emt 0:00:05]} Nc1+ {[%emt 0:03:16]} 46. Kd2 {[%emt 0:00:31]} Nb3+ {[%emt 0:00:00]} 47. Ke3 {[%emt 0:00:19]} Nc1 {[%emt 0:00:50]} 48. h5 {[%emt 0:00:50]} Na2 {[%emt 0:00:00]} 49. Kd2 {[%emt 0:00:12]} Nxb4 {[%emt 0:00:00]} 50. cxb4 {[%emt 0:00:09]} 1-0

[Event "O2C Doeberl Cup 2019"]
[Site "Canberra"]
[Date "2019.04.20"]
[Round "6.8"]
[White "Xie, George Wendi"]
[Black "Renjith, Sravan"]
[Result "0-1"]
[WhiteElo "2359"]
[BlackElo "1938"]
[Annotator "TA"]
[PlyCount "29"]
[EventDate "2019.04.17"]
[EventType "swiss"]
[EventCountry "AUS"]
[SourceTitle "playchess.com"]
[Source "ChessBase"]
[SourceQuality "1"]

{[%evp 20,29,48,49,45,43,66,59,68,53,71,65]} 1. Nf3 Nf6 2. c4 c5 3. g3 g6 4. Bg2 Bg7 5. d4 cxd4 6. Nxd4 O-O 7. O-O Nc6 8. Nc3 Nxd4 9. Qxd4 d6 10. Qd3 Nd7 11. b3 Nc5 {A39: Symmetrical English vs ...g6: 4 Bg2 Bg7 5 Nf3 Nf6 6 0-0 0-0 7 d4} 12. Qe3 Ne6 $146 ({Predecessor:} 12... Bf5 13. Bb2 Rc8 14. Rfd1 Re8 15. Rac1 Bd7 16. Ba1 a5 17. Nd5 Bxa1 18. Rxa1 Bc6 19. Rd4 Bxd5 20. Bxd5 {½-½ (34) Koegler,K (2542)-Novak,J (2530) ICCF email 2010}) 13. Bd2 Nd4 {Black wants to play ...Nc2.} 14. Rac1 Rb8 15. Nb5 {[%mdl 32768] Loss on time!?} 0-1

[Event "O2C Doeberl Cup 2019"]
[Site "Canberra"]
[Date "2019.04.21"]
[Round "7.1"]
[White "Melkumyan, Hrant"]
[Black "Smirnov, Anton"]
[Result "1-0"]
[WhiteElo "2658"]
[BlackElo "2567"]
[Annotator "TA"]
[PlyCount "73"]
[EventDate "2019.04.17"]
[EventType "swiss"]
[EventCountry "AUS"]
[SourceTitle "playchess.com"]
[Source "ChessBase"]
[SourceQuality "1"]

{[%evp 9,73,-16,0,0,0,0,7,0,7,2,1,-2,23,-6,0,-14,-2,-13,0,0,3,-24,18,-29,99,88,135,142,147,74,82,62,320,306,537,538,568,549,624,608,618,611,607,602,631,621,716,697,1129,1104,29987,29988,29990,29990,29991,29992,29992,29993,29993,29994,29994,29995,29995,29996,29996,29997]} 1. c4 c6 2. Nf3 d5 3. g3 g6 4. Qa4 d4 5. d3 Bg7 6. Bg2 {A11: English Opening: 1...c6} e5 (6... Nd7 7. O-O Nh6 8. Nbd2 O-O 9. b4 e5 10. c5 a6 11. Nc4 f6 12. Qb3 {0-1 (66) Kramnik,V (2777)-Shankland,S (2725) Wijk aan Zee 2019}) 7. O-O Ne7 8. Nbd2 {The position is equal.} O-O 9. b4 Qc7 10. Rb1 $146 ({Predecessor:} 10. Bb2 Rd8 11. a3 h6 12. Qc2 a5 13. Nb3 a4 14. Nbd2 c5 15. Ne4 b6 {½-½ (15) Nikolaidis,I (2505)-Kapnisis,S (2324) Korinthos 1999}) 10... Nd7 11. Ba3 Rd8 12. Rfe1 h6 13. Rec1 Kh7 14. Ne1 f5 15. Rb2 Bf6 16. Rcb1 Nf8 (16... a6 $11) 17. b5 $16 {[%cal Bb4b5,Bb5b6,Bb6a7][%mdl 32]} c5 18. b6 Qb8 {[#]} 19. Qb5 (19. Qa5 $142 $1 {Strongly threatening bxa7.} Ne6 20. Bxc5) 19... Ne6 {...axb6 is the strong threat.} 20. Bxc5 Bd7 $2 {[%mdl 8192]} (20... a5 $1 $14) 21. bxa7 $18 Qc8 $2 {[#]} (21... Qc7 {was necessary.} 22. Bb6 (22. Qxb7 Qxc5 23. Rb6 Qa5 $11 {[%mdl 64] Double Attack}) 22... Qc8) 22. Bxe7 $1 {[%mdl 512]} Bxb5 (22... Bxe7 23. Qxb7) 23. Bxf6 Bc6 24. Bxc6 Qxc6 25. Rxb7+ Rd7 26. R7b6 Qa4 27. Rxe6 Qxa2 28. Nef3 g5 29. Bxe5 {Intending Rbb6 and mate.} g4 30. Rbb6 {White mates.} Qa1+ 31. Nf1 gxf3 32. Rxh6+ Kg8 33. Rbg6+ Kf8 34. Rh8+ Kf7 35. Rg7+ Ke6 36. Rh6+ Kxe5 37. Rxd7 {Accuracy: White = 76%, Black = 31%.} 1-0

[Event "O2C Doeberl Cup 2019"]
[Site "Canberra"]
[Date "2019.04.21"]
[Round "7.2"]
[White "Sengupta, Deep"]
[Black "Bjelobrk, Igor"]
[Result "1-0"]
[WhiteElo "2551"]
[BlackElo "2386"]
[Annotator "TA"]
[PlyCount "113"]
[EventDate "2019.04.17"]
[EventType "swiss"]
[EventCountry "AUS"]
[SourceTitle "playchess.com"]
[Source "ChessBase"]
[SourceQuality "1"]

{[%evp 11,113,17,27,8,8,7,7,7,0,0,0,0,0,0,0,0,0,0,0,0,0,3,0,0,3,0,4,0,0,0,0,0,0,-8,0,-22,0,0,0,0,0,0,0,0,0,0,0,0,0,0,0,-8,0,0,0,0,0,0,0,0,0,0,0,0,5,0,0,0,26,34,42,39,33,39,84,83,75,43,74,74,123,123,104,88,151,129,129,141,220,231,3081,4891,5089,864,29971,29967,29958,5095,29984,29985,29988,29989,29989,29990]} 1. e4 e5 2. Nf3 Nc6 3. Bb5 Nf6 4. d3 Bc5 5. c3 O-O 6. O-O d6 7. Ba4 {C65: Ruy Lopez: Berlin Defence (3...Nf6), unusual lines and 4 0-0 Bc5} Ne7 8. Bc2 Ng6 9. d4 {The position is equal.} Bb6 10. a4 {Strongly threatening a5.} c6 11. dxe5 Nxe5 12. Nxe5 dxe5 13. Qxd8 Rxd8 14. a5 {[#]} Bc7 $146 ({Predecessor:} 14... Bc5) 15. Be3 Be6 16. f3 Ne8 17. Nd2 Nd6 18. Ra4 b5 19. axb6 Bxb6 20. Re1 Rab8 {...Bxe3+ is the strong threat.} 21. Bxb6 axb6 22. Nf1 Kf8 23. Ra7 Nb5 24. Ra6 Nc7 25. Ra7 Nb5 26. Ra4 Ra8 27. Rea1 Rxa4 28. Rxa4 Ke7 29. Kf2 Nc7 30. Ra7 Kd6 31. Ng3 g6 32. h4 h5 33. Nf1 Ra8 34. Rxa8 Nxa8 $11 {[%mdl 4096] Endgame KBN-KBN} 35. Bd1 Nc7 36. Ke3 Ne8 37. Nd2 Nf6 38. g3 Nd7 39. f4 exf4+ 40. gxf4 f6 41. b4 Ke7 42. Nf1 Bf7 43. Ng3 c5 44. Ba4 Be6 45. f5 Bf7 46. fxg6 Bxg6 47. Bd1 cxb4 (47... Ne5 $142) 48. cxb4 $16 Ne5 49. Nxh5 ({Don't do} 49. Bxh5 Bxh5 50. Nxh5 Ng6 $11) 49... Bxh5 (49... Bf7 $16) 50. Bxh5 {KB-KN} f5 $2 (50... Ke6 51. Be2 Nc6 52. Bc4+ Ke5) 51. exf5 $18 Kf6 {[#]} 52. Ke4 (52. Bg6 $142 $1 Nc6 (52... Nxg6 53. fxg6) 53. h5 Nxb4 54. h6 Nd5+ 55. Ke4 Nc3+ 56. Kd4 Ne2+ 57. Kc4) 52... Nc4 53. Bg6 Ne5 54. h5 (54. Kd5 $142 b5 55. Kc5 Ke7 56. Kxb5 Kd6 57. h5 Ng4 58. Kc4 Ne5+ 59. Kd4) 54... Nc6 55. h6 {White mates.} Nxb4 56. h7 Kg7 {[#]} 57. f6+ $1 {[%mdl 512] Accuracy: White = 71%, Black = 58%.} 1-0

[Event "O2C Doeberl Cup 2019"]
[Site "Canberra"]
[Date "2019.04.21"]
[Round "7.3"]
[White "Song, Raymond"]
[Black "Padmini, Rout"]
[Result "1-0"]
[WhiteElo "2329"]
[BlackElo "2364"]
[Annotator "TA"]
[PlyCount "37"]
[EventDate "2019.04.17"]
[EventType "swiss"]
[EventCountry "AUS"]
[SourceTitle "playchess.com"]
[Source "ChessBase"]
[SourceQuality "1"]

{[%evp 12,37,8,5,39,39,60,62,136,123,116,121,188,143,216,221,335,333,325,330,319,308,549,439,1534,1512,1454,1230]} 1. e4 e6 2. d4 d5 3. Nc3 {[%cal Bb1c3,Bc3e2,Be2f4][%mdl 32]} Nf6 4. e5 Nfd7 5. Nce2 c5 6. c3 Nc6 7. Nf3 b6 {C11: French: Classical System: 4 e5 and 4 Bg5 dxe4} (7... Be7 8. a3 a5 9. Nf4 a4 10. Bd3 cxd4 11. cxd4 Qb6 12. Bc2 g5 13. Ne2 g4 14. Nfg1 Qa5+ 15. Bd2 Qa6 {1-0 (29) Dominguez Perez,L (2739)-Meier,G (2628) chess.com INT 2018}) 8. Nf4 a5 $146 ({Predecessor:} 8... Be7 9. a3 a5 10. Bb5 Qc7 11. Qe2 a4 12. h4 h6 13. Be3 Na5 14. Bxa4 Ba6 15. Bb5 Bxb5 16. Qxb5 {0-1 (29) Quesada Perez,Y (2627)-Lenderman,A (2611) chess.com INT 2018}) 9. Bb5 Qc7 (9... Na7 $14 10. Bd3 Nc6) 10. O-O $16 Na7 11. Bd3 c4 (11... cxd4 $16 12. cxd4 Nc6) 12. Bc2 $18 h6 (12... g6 $16 13. Ng5 Be7) 13. Nh4 Be7 {[#]} (13... Nb8 {keeps fighting.} 14. Nh5 Kd8) 14. Nhg6 $1 {[%mdl 512]} Rg8 (14... fxg6 15. Bxg6+) 15. Nxe7 Kxe7 16. Qg4 f5 $2 (16... Bb7 17. Bh7 Nc6 18. Bxg8 Rxg8) 17. Bxf5 {[%mdl 64] Deflection. White is clearly winning.} exf5 (17... Nf8 $142 18. b3 b5 19. bxc4 Qxc4 20. Ba3+ b4 21. cxb4 Qc3) 18. Nxd5+ {[%mdl 64] Double Attack} Kd8 {[#]} 19. Qh4+ {Played: Bc1-g5} 1-0

[Event "O2C Doeberl Cup 2019"]
[Site "Canberra"]
[Date "2019.04.21"]
[Round "7.4"]
[White "Lam, Ross"]
[Black "Kunte, Abhijit"]
[Result "0-1"]
[WhiteElo "2000"]
[BlackElo "2485"]
[Annotator "TA"]
[PlyCount "108"]
[EventDate "2019.04.17"]
[EventType "swiss"]
[EventCountry "AUS"]
[SourceTitle "playchess.com"]
[Source "ChessBase"]
[SourceQuality "1"]

{[%evp 15,108,-2,5,6,38,33,41,9,27,-2,25,-5,0,-2,6,-24,-33,-43,-38,-27,-23,-35,-38,-54,-28,-42,-45,-47,-43,-45,-35,-31,-19,-51,-49,-55,-31,-34,-29,-28,-17,-94,-31,-55,-44,-58,-31,-59,0,0,0,-5,0,0,0,0,0,0,0,-287,-286,-285,-269,-322,-261,-257,-260,-319,-251,-272,-254,-258,-246,-270,-273,-264,-268,-270,-257,-269,-254,-408,-374,-476,-449,-606,-585,-1093,-1084,-2124,-2116,-29985,-2597,-5522,-2720]} 1. d4 Nf6 2. c4 e6 3. Nf3 b6 4. g3 Bb7 5. Bg2 Bb4+ 6. Nbd2 c5 7. dxc5 Bxc5 8. O-O O-O 9. b3 {E16: Queen's Indian: 4 g3 Bb7 5 Bg2 Bb4+} Be7 10. Bb2 d6 11. Rc1 {White is slightly better.} (11. Nd4 Qc8 12. e4 Nc6 13. Qe2 Nd7 14. Rfd1 Re8 15. Rac1 Nxd4 16. Bxd4 Bc6 {½-½ (87) Matlakov,M (2700)-Karjakin,S (2753) St Petersburg 2018}) 11... Nbd7 12. Qc2 Qc7 $146 ({Predecessor:} 12... Rc8 13. Rfd1 {½-½ (24) Oll,L (2645)-Andersson,U (2635) Tallinn 1998}) 13. Rfd1 Rac8 14. Qb1 Qb8 15. Qa1 Rfd8 16. Nh4 Bxg2 17. Nxg2 Qb7 18. Nf3 a6 19. Rd2 Bf8 20. Nf4 Rc7 21. Rdc2 Rdc8 22. Qb1 h6 23. Nd3 Be7 24. Rd2 e5 {White must now prevent ...e4.} 25. Nfe1 Ne4 26. Rdd1 Bg5 27. e3 a5 28. Nc2 (28. a4 $11) 28... b5 (28... Be7 $17 29. Na3 Ng5) 29. Na3 $15 bxc4 $1 30. Nxc4 Qa8 31. Ne1 Be7 (31... a4 $1 $15) 32. f3 $11 Ng5 33. e4 f5 {[%cal Rf5e4]} 34. h4 Nf7 35. exf5 d5 $36 {[%mdl 2048] White is under pressure.} 36. Ne3 Bc5 37. N1g2 $2 {[%mdl 8192] [#]} (37. Rxc5 $11 Rxc5 38. Ba3) 37... d4 $1 $19 {[%cal Rd4e3]} 38. Nc4 Qxf3 {And now ...d3+ would win.} 39. Qd3 Qd5 40. Kh2 Nf6 {[%cal Bd7f6,Bf6g4,Bg4e3][%mdl 32]} 41. Qf1 Ng4+ 42. Kh3 {[#]} h5 $1 43. Nge3 Nxe3 44. Nxe3 Qe4 45. Nc4 Nh6 46. Re1 Qg4+ ({Inferior is} 46... Qxf5+ 47. Qxf5 Nxf5 48. Rxe5 $14) 47. Kh2 e4 ({Don't do} 47... Nxf5 48. Qd3 $17) 48. f6 $2 (48. Ne5 Qxf5 49. Qxf5 Nxf5 50. Rxe4) 48... Re8 49. Rcd1 e3 {Strongly threatening ...e2!} 50. Qg2 {intending Bxd4!} Re4 51. Nd2 exd2 52. Rxe4 Qxd1 53. fxg7 Qe1 (53... Ng4+ $142 54. Kh3 Ne3 {[%mdl 64] Overworked Piece} 55. Rxe3 Qg4+ {[%mdl 64] Double Attack} 56. Kh2 d1=Q 57. Re4 Qgf3 58. Qxf3 Qxf3 59. Re8+ Kxg7 60. Re5 Qf2+ {[%mdl 64] Double Attack} 61. Kh3 Qxb2 62. Rg5+ Kh6 63. Re5 d3 64. Rf5 Bg1 65. Rxh5+ {[%mdl 64] Remove Defender} Kxh5 66. g4+ Kg6 67. g5 Kh5 68. Kg3 Qf2+ 69. Kh3 Qh2#) 54. Rxe1 dxe1=Q {Accuracy: White = 35%, Black = 53%.} (54... Ng4+ $142 55. Kh3 dxe1=Q) 0-1

[Event "O2C Doeberl Cup 2019"]
[Site "Canberra"]
[Date "2019.04.21"]
[Round "7.5"]
[White "Ikeda, Junta"]
[Black "McClymont, Brodie"]
[Result "1-0"]
[WhiteElo "2441"]
[BlackElo "2360"]
[Annotator "TA"]
[PlyCount "49"]
[EventDate "2019.04.17"]
[EventType "swiss"]
[EventCountry "AUS"]
[SourceTitle "playchess.com"]
[Source "ChessBase"]
[SourceQuality "1"]

{[%evp 12,99,36,4,0,3,34,11,54,-3,-3,-18,-9,-16,-10,-26,-26,-50,-16,-16,-4,-9,0,-13,0,-18,-17,-19,12,0,0,6,6,5,13,10,28,0,6,-23,16,16,9,11,8,8,16,15,48,47,54,64,126,125,124,133,141,141,127,141,133,133,127,101,135,141,1550,1055,29975,29976,29976,29976,29971,29970,29985,29986,29986,29987,29987,29988,29988,29989,29990,29991,29992,29993,29994,29995,29995,29994]} 1. e4 c5 2. Nf3 d6 3. d4 cxd4 4. Nxd4 Nf6 5. Nc3 a6 6. h3 e5 7. Nb3 Be6 {B90: Sicilian Najdorf: Unusual White 6th moves, 6 Be3 Ng4 and 6 Be3 e5} 8. f4 g6 9. Be2 Nc6 {The position is equal.} 10. Be3 $146 (10. O-O $14) ({Predecessor:} 10. O-O exf4 11. Bxf4 d5 12. exd5 Nxd5 13. Nxd5 Qxd5 14. Bf3 Qc4 15. c3 {0-1 (29) Ivanchuk,V (2704)-Gelfand,B (2743) Beijing 2014}) 10... Bh6 $11 11. Qd2 d5 $1 {[%cal Rd5d4]} 12. fxe5 Bxe3 13. Qxe3 {Threatens to win with Rd1.} d4 {[%mdl 64] [#] Double Attack} 14. Qd2 dxc3 15. Qxd8+ Rxd8 16. exf6 Nb4 (16... cxb2 $5 17. Rb1 $8 Bxb3 18. cxb3 Rd6 $11) 17. Kf2 Bxb3 18. axb3 {[%cal Ba2b3,Bb3b4][%mdl 32]} cxb2 19. Ra4 Nc6 20. Rb1 Rd6 21. Rxb2 Rxf6+ 22. Ke3 Kd7 23. b4 Kc7 24. Ra3 Rd8 25. b5 {Played: Ra3-c3} 1-0

[Event "O2C Doeberl Cup 2019"]
[Site "Canberra"]
[Date "2019.04.21"]
[Round "7.6"]
[White "Lane, Gary W"]
[Black "Johansen, Darryl K"]
[Result "0-1"]
[WhiteElo "2357"]
[BlackElo "2364"]
[Annotator "TA"]
[PlyCount "40"]
[EventDate "2019.04.17"]
[EventType "swiss"]
[EventCountry "AUS"]
[SourceTitle "playchess.com"]
[Source "ChessBase"]
[SourceQuality "1"]

{[%evp 17,88,2,16,0,27,0,4,-28,-25,-31,-29,-63,-52,-64,-45,-104,-58,-185,-163,-189,-171,-175,-78,-84,-64,-81,-46,-111,-111,-111,-109,-113,-113,-113,-117,-117,-114,-127,-116,-120,-113,-129,-104,-102,-74,-108,-108,-108,-108,-110,-107,-102,-111,-116,-80,-90,-88,-117,-116,-124,-104,-240,-240,-239,-240,-281,-281,-755,-739,-29991,-29992,-29992,-29993]} 1. d4 Nf6 2. c4 b6 3. Nc3 Bb7 4. Nf3 e6 5. e3 Bb4 6. Bd2 O-O 7. Bd3 d5 8. cxd5 exd5 9. O-O a6 10. Rc1 {E52: Nimzo-Indian: Rubinstein: 4...0-0 5 Nf3 d5 6 Bd3 b6} Re8 (10... Nbd7 11. Ne5 Nxe5 12. dxe5 Nd7 13. f4 Nc5 14. Bb1 d4 15. Ne2 Qd5 16. Rf2 Bxd2 17. Qxd2 {1-0 (40) Yu,Y (2764)-Vaibhav,S (2590) Caleta 2019}) 11. Ne2 Bd6 12. Ng3 {The position is equal.} Nbd7 13. Qc2 g6 14. Qb1 $146 ({Predecessor:} 14. Bc3 Qe7 15. b3 h5 16. Ne5 {1-0 (26) Klekowski,M (2498)-Goessler,M (2209) Katowice 2017}) 14... Ne4 15. Rfd1 h5 16. Ne1 (16. Ne2 $15) 16... Ndf6 {aiming for ...Ng4.} 17. Bxe4 (17. Nf3 $1 $15) 17... dxe4 $19 ({But not} 17... Nxe4 18. Nxe4 dxe4 19. Nc2 $17) 18. Nf1 Bd5 19. Nc2 Bc4 (19... Qe7 $19 {has better winning chances.} 20. h3 h4) 20. Bb4 $17 a5 {Played: Bc4-d3} 0-1